00758nam a2200229Ia 450000500170000000800410001702000150005804100080007308200170008110000360009824500650013425000220019930000400022165000230026165000480028465000420033226400310037433600270040533700330043233800280046504000350049320220316235309.0121119s1995 sp a gr 000 0 spa  a84711450490 aspa04a639.31bB41T1 aBlanco Cachafeiro, Maria Carmen13aLa truchabcría industrialcMaria Carmen Blanco Cachafeiro aSegunda edición a503 páginasbilustracionesc24 cm14aPiscicultura2LEMB14aTrucha arco irisxCría y desarrollo2LEMB14aSalmonidosxCría y desarrollo2LEMB aMadridbMundi-Prensac1995 atextobtxt2rdacontent asin mediaciónbn2rdamedia avolumenbnc2rdacarrier aCO-BoRNBPbspaerdacCO-BoRNBP